| 000 | 01426nam0a22003011 4500 | ||
|---|---|---|---|
| 001 | v19\rc\2052299 | ||
| 005 | 20081111133203.3 | ||
| 035 | _a(NLR Aleph) 005146304 | ||
| 090 |
_a4855681 _c4855681 |
||
| 100 | _a20081111d1907 |||y0rusy50 ca | ||
| 101 | 0 | _arus | |
| 102 | _aRU | ||
| 105 | _ay z ||||| | ||
| 200 | 1 | _aВеликий подвижник Саровский | |
| 205 | _a2-е изд. | ||
| 210 |
_aМосква _cТипо-лит. И. Ефимова _dценз. 1907 |
||
| 215 |
_a4 с. _d22 |
||
| 225 | 1 |
_aБлагословение обители Святого Пантелеймона _v№ 368 |
|
| 300 | _aАвт. установлен по изд.: Хронологический список сочинений, изданий и переводов С.И. Пономарева / Пономарев С.И. - Спб., 1913, С. 31 | ||
| 309 | _aБез тит. л. и обл. | ||
| 700 | 1 |
_aПономарев _bС. И. _cписатель _f1828-1913 _gСтепан Иванович _3RU\NLR\AUTH\7746390 _4070 |
|
| 702 | 0 |
_6z01790 _aСерафим Саровский _cМошнин, Прохор Сидорович _cиеромонах _f1759-1833 _2psbo _3RU\NLR\AUTH\774071 _4570 |
|
| 790 | 1 |
_6z01702 _aМошнин _bП. И. _f1754 или 1759-1833 _gПрохор Исидорович |
|
| 801 | 0 |
_aRU _bNLR _gpsbo |
|
| 801 | 1 |
_aRU _bProSoft-M _2rusmarc |
|
| 852 |
_aNLR _j18.257.1.302(368) |
||
| 942 | _cBOOK | ||
| 980 | _aNB | ||